Bakalářský studijní program Elektrotechnika, elektronika, komunikační a řídicí technika, studijní obor Elektronika a sdělovací technika : základní informace o oboru /

Hlavní autor: Svačina, Jiří, 1948-
Korporativní autor: Vysoké učení technické v Brně. Fakulta elektrotechniky a komunikačních technologií
Jazyk: Čeština
Vydáno: Brno : Ústav radioelektroniky FEKT VUT, 2002
Témata:
Fyzický popis: 23 s. ; 21 cm
Knihy
Uloženo v:
LEADER 01340nam a2200325 a 4500
001 000628509
003 CZ BrMZK
005 20021023114147.0
007 ta
008 021009s2002 xr f cze d
040 |a BOA001  |b cze 
080 |a 621.38  |2 MRF 
080 |a 621.39  |2 MRF 
080 |a (036)  |2 MRF 
080 |a (083.97)  |2 MRF 
100 1 |a Svačina, Jiří,  |d 1948-  |7 jn20000710620  |4 aut 
245 1 0 |a Bakalářský studijní program Elektrotechnika, elektronika, komunikační a řídicí technika, studijní obor Elektronika a sdělovací technika :  |b základní informace o oboru /  |c Jiří Svačina 
246 3 3 |a Elektronika a sdělovací technika 
246 3 3 |a Elektrotechnika, elektronika, komunikační a řídicí technika 
260 |a Brno :  |b Ústav radioelektroniky FEKT VUT,  |c 2002 
300 |a 23 s. ;  |c 21 cm 
500 |a Bakalářské studium 
650 0 7 |a sdělovací technika  |7 ph125446  |2 czenas 
650 0 7 |a elektronika  |7 ph114454  |2 czenas 
655 7 |a informační publikace  |7 fd132454  |2 czenas 
655 7 |a programy  |7 fd133135  |2 czenas 
710 2 |a Vysoké učení technické v Brně.  |b Fakulta elektrotechniky a komunikačních technologií  |7 kn20020808070 
910 |a BOA001  |b 2-1107.506 
990 |a BK 
996 6 |b 2610171918  |c 2-1107.506  |l MZK  |r Sklad / do 1 hodiny  |n 3  |p p.v.  |w 000628509  |u 000010  |a 1  |e BOA001  |j MZK50  |s P